LIBRARY & INFORMATION CENTRE, KCAET, TAVANUR

ONLINE PUBLIC ACCESS CATALOGUE (OPAC)

Verbal ability and reading comprehension for CAT (Record no. 15672)

MARC details
000 -LEADER
fixed length control field 00437nam a22001577a 4500
003 - CONTROL NUMBER IDENTIFIER
control field OSt
008 - FIXED-LENGTH DATA ELEMENTS--GENERAL INFORMATION
fixed length control field 190524b ||||| |||| 00| 0 eng d
020 ## - INTERNATIONAL STANDARD BOOK NUMBER
ISBN 9789332570023
082 ## - DEWEY DECIMAL CLASSIFICATION NUMBER
Classification number 658.0076
Item number SIN/VE
100 ## - MAIN ENTRY--AUTHOR NAME
Personal name Sinha, Nishit K.
245 ## - TITLE STATEMENT
Title Verbal ability and reading comprehension for CAT
250 ## - EDITION STATEMENT
Edition statement 3rd ed.
260 ## - PUBLICATION, DISTRIBUTION, ETC. (IMPRINT)
Place of publication Uttar Pradesh
Name of publisher Pearson India Education Services Pvt Ltd.
Year of publication 2016
300 ## - PHYSICAL DESCRIPTION
Number of Pages 6.38 p.
942 ## - ADDED ENTRY ELEMENTS (KOHA)
Koha item type Books
Holdings
Withdrawn status Lost status Damaged status Home library Current library Date acquired Cost, normal purchase price Full call number Accession Number Koha item type
      KAUAET KAUAET 24/05/2019 595.00 658.0076 SIN/VE 25957 Books
free website counter